Podróż po świecie -Quiz geopolityczny #3 - Statystyki

Ogólne statystyki
  • Ten quiz został rozwiązany 2 513 razy
    34 od ostatniego zresetowania
  • Średni wynik to 16 z 27
Statystyki odpowiedzi
Kierunek Kraj w którym się znajdujesz % Poprawnych
Południowy Zachód Czechy
100%
Południe Austria
90%
Południe Chorwacja
87%
Południe Słowenia
87%
Południe Bośnia i Hercegowina
83%
Wschód Serbia
83%
Południe Bułgaria
77%
Wschód Rumunia
77%
Południe Grecja
73%
Wschód Turcja
73%
Wschód (wg równoleżnika 40*N) Armenia
63%
Wschód Azerbejdżan
60%
Południe Iran
57%
Północny Wschód Turkmenistan
50%
Północny Wschód Uzbekistan
50%
Południowy Wschód Tadżykistan
47%
Południe Afganistan
43%
Wschód (wg równoleżnika 24*N) Bangladesz
43%
Wschód Indie
43%
Południe Indonezja
43%
Południe Malezja
43%
Południowy Wschód Mjanma
43%
Południe Pakistan
43%
Wschód (wg równoleżnika 5*S) Papua Nowa Gwinea
43%
Południe Singapur
43%
Południowy Wschód Tajlandia
43%
Wschód Wyspy Salomona
33%
Nie znaleziono quizów pasujących do podanych kryteriów
Rozkład punktacji
Procent ludzi z każdym wynikiem
Percentyl według liczby udzielonych odpowiedzi
Twoja historia wyników
Nie rozwiązałeś tego quizu od ostatniego zresetowania